000 00379pam a2200157a 44500
008 230515b1979 xxu||||| |||| 00| 0 eng d
020 _aNULL
041 _aENGLISH
082 _a630
100 _a3090-1965
245 _aCODE OF PRACTICES FOR INSTALLATION AND MAINTENANCE OF ROLLING BEARINGS
250 _a0
260 _aDELHI
_bISI
_c1979
300 _a32
650 _aNULL
999 _c652173
_d652173